书目信息 |
| 题名: |
路易·波拿巴的雾月十八日
|
|
| 作者: | 马克思 著 ;中共中央马克思恩格斯列宁斯大林著作编译局 编译 | |
| 分册: | ||
| 出版信息: | 北京 人民出版社 2018 |
|
| 页数: | 165页 | |
| 开本: | 26cm | |
| 丛书名: | 马克思恩格斯著作特辑 | |
| 单 册: | ||
| 中图分类: | A122 , A1 | |
| 科图分类: | ||
| 主题词: | 马列著作--ma lie zhu zuo--马克思主义 , 马恩著作 | |
| 电子资源: | ||
| ISBN: | 978-7-01-018983-3 | |
| 000 | 01872nam 2200325 45 | |
| 001 | 2432096875 | |
| 005 | 20240527085842.65 | |
| 010 | @a978-7-01-018983-3@dCNY31.00 | |
| 099 | @aCAL 012018072910 | |
| 100 | @a20180614d2018 em y0chiy50 ea | |
| 101 | 1 | @achi@cger |
| 102 | @aCN@b110000 | |
| 105 | @aaf a 001yy | |
| 200 | 1 | @a路易·波拿巴的雾月十八日@Alu yi ·bo na ba de wu yue shi ba ri@f马克思@g中共中央马克思恩格斯列宁斯大林著作编译局编译 |
| 210 | @a北京@c人民出版社@d2018 | |
| 215 | @a165页@c彩图@d26cm | |
| 225 | 2 | @a马克思恩格斯著作特辑@Ama ke si en ge si zhu zuo te ji |
| 300 | @a纪念马克思诞辰200周年 | |
| 308 | @a版权页题丛书名: 马克思诞辰200周年纪念特辑 | |
| 320 | @a有书目和索引 | |
| 330 | @a2018年是马克思诞辰200周年,隆重举办马克思诞辰200周年纪念活动,是党的思想理论建设的一件大事,是凝聚共识的重要举措。为配合相关纪念活动,我社计划专题出版一系列相关图书,本丛书是这一系列几年出版物的一部分。 书目包括:1.马克思 恩格斯《共产党宣言》 2.马克思《1844年经济学哲学手稿》 3.马克思《德意志意识形态》(节选) 4.马克思《雇佣劳动与资本》 5.马克思《1848年至1850年的法兰西阶级斗争》 6.马克思《路易?波拿巴的雾月十八日》 7.马克思《法兰西内战》 8.马克思《哥达纲领批判》 9.马克思《资本论》(节选) 10.马克思 恩格斯《马克思恩格斯论中国》 11.恩格斯《反杜林论》 12.恩格斯《自然辩证法》 13.恩格斯《社会主义从空想到科学的发展》 14.恩格斯《家庭、私有制和国家的起源》 15.恩格斯《路德维希?费尔巴哈和德国古典哲学的终结》 | |
| 410 | 0 | @12001 @a马克思恩格斯著作特辑 |
| 606 | 0 | @a马列著作@Ama lie zhu zuo@x马克思主义 |
| 606 | 0 | @a马恩著作 |
| 690 | @aA122@v5 | |
| 690 | @aA1@v4 | |
| 701 | 1 | @a马克思@Ama ke si@g(Marx, Karl Heinrich),@f1818-1883@4著 |
| 712 | 02 | @a中共中央马克思恩格斯列宁斯大林著作编译局@Azhong gong zhong yang ma ke si en ge si lie ning si da lin zhu zuo bian yi ju@4编译 |
| 801 | 2 | @aCN@b上海新华@c20191020 |
| 905 | @b1136159-62@dA1@eSK32 | |
| 路易·波拿巴的雾月十八日/马克思/中共中央马克思恩格斯列宁斯大林著作编译局编译.-北京:人民出版社,2018 |
| 165页:彩图;26cm.-(马克思恩格斯著作特辑) |
| 纪念马克思诞辰200周年 |
| ISBN 978-7-01-018983-3:CNY31.00 |
| 2018年是马克思诞辰200周年,隆重举办马克思诞辰200周年纪念活动,是党的思想理论建设的一件大事,是凝聚共识的重要举措。为配合相关纪念活动,我社计划专题出版一系列相关图书,本丛书是这一系列几年出版物的一部分。 书目包括:1.马克思 恩格斯《共产党宣言》 2.马克思《1844年经济学哲学手稿》 3.马克思《德意志意识形态》(节选) 4.马克思《雇佣劳动与资本》 5.马克思《1848年至1850年的法兰西阶级斗争》 6.马克思《路易?波拿巴的雾月十八日》 7.马克思《法兰西内战》 8.马克思《哥达纲领批判》 9.马克思《资本论》(节选) 10.马克思 恩格斯《马克思恩格斯论中国》 11.恩格斯《反杜林论》 12.恩格斯《自然辩证法》 13.恩格斯《社会主义从空想到科学的发展》 14.恩格斯《家庭、私有制和国家的起源》 15.恩格斯《路德维希?费尔巴哈和德国古典哲学的终结》 |
| ● |
| 相关链接 |
|
|
|
|
正题名:路易·波拿巴的雾月十八日
索取号:A1/SK32
 
预约/预借
| 序号 | 登录号 | 条形码 | 馆藏地/架位号 | 状态 | 备注 |
| 1 | 1057291 | 210572913 | 密集书库-马院/ [索取号:A1/SK32] | 在馆 |